| 000 | 006720000a22001810004500 | ||
|---|---|---|---|
| 003 | MACL | ||
| 005 | 20160421170524.0 | ||
| 008 | 160421b xxu||||| |||| 00| 0 eng d | ||
| 040 |
_aMACL _cMACL |
||
| 041 | _aHindi | ||
| 082 | _a800 | ||
| 100 |
_aतिवारी प्रेमलता _953278 |
||
| 245 | _aकथाकार राजेन्द्र यादव के व्यक्तित्व एवं कृतित्व का अनुशीलन | ||
| 260 |
_aनई दिल्ली _bलोकहित प्रकाशन _c2010 |
||
| 350 | _a580 | ||
| 650 |
_aरचनावली _9163 |
||
| 942 |
_cHIN _k800 /RAJ _2ddc |
||
| 999 |
_c46635 _d46635 |
||